The history, antiquities, topography, and statistics of eastern India, Vol.-1, Behar (Patna City) and Shahabad :: (Record no. 22330)

MARC details
000 -LEADER
fixed length control field 01631cam a22003011 4500
001 - CONTROL NUMBER
control field 8800743
003 - CONTROL NUMBER IDENTIFIER
control field BDDh-ASL
005 - DATE AND TIME OF LATEST TRANSACTION
control field 20231015030122.0
008 - FIXED-LENGTH DATA ELEMENTS--GENERAL INFORMATION
fixed length control field 801119s1838 enkabef 000 0 eng
010 ## - LIBRARY OF CONGRESS CONTROL NUMBER
LC control number 44010826
035 ## - SYSTEM CONTROL NUMBER
System control number (OCoLC)6957973
040 ## - CATALOGING SOURCE
Original cataloging agency DLC
Transcribing agency ViU
Modifying agency DLC
-- BDDh-ASL
042 ## - AUTHENTICATION CODE
Authentication code premarc
043 ## - GEOGRAPHIC AREA CODE
Geographic area code a-ii---
050 00 - LIBRARY OF CONGRESS CALL NUMBER
Classification number DS412
Item number .M3
082 ## - DEWEY DECIMAL CLASSIFICATION NUMBER
Classification number 954
Item number MEO
100 1# - MAIN ENTRY--PERSONAL NAME
Personal name Martin, Robert Montgomery,
Dates associated with a name 1803?-1868.
245 14 - TITLE STATEMENT
Title The history, antiquities, topography, and statistics of eastern India, Vol.-1, Behar (Patna City) and Shahabad ::
Statement of responsibility, etc. Comprising the districts of Behar, Shahabad, Bhagulpoor, Goruckpoor, Dinajepoor, Puraniya, Ronggopoor, and Assam; in relation to their Geology, Mineralogy, Botany, Agriculture, Commerce, Manufactures, Fine Arts, Population, Religion, Education, Statistics, etc [Surveyed under the orders of the supreme government, and collated from the original documents at the E.I. house ... by Montgomery Martin ...]
260 ## - PUBLICATION, DISTRIBUTION, ETC.
Place of publication, distribution, etc. London:
-- Delhi:
Name of publisher, distributor, etc. W. H. Allen and Co.,
-- Cosmo Publications,
Date of publication, distribution, etc. 1838.
-- 1976.
300 ## - PHYSICAL DESCRIPTION
Extent v-1, 560 p. :
Other physical details illus., plates (part fold.) maps, plans.
Dimensions 23 cm.
505 0# - FORMATTED CONTENTS NOTE
Formatted contents note v. 1. Behar (Patna city) and Shahabad.--v. 2. Bhagulpoor, Goruckpoor, and Dinajepoor.--v. 3. Puraniya, Ronggopoor and Assam.
651 #0 - SUBJECT ADDED ENTRY--GEOGRAPHIC NAME
Geographic name India
General subdivision Description and travel.
651 #0 - SUBJECT ADDED ENTRY--GEOGRAPHIC NAME
Geographic name India
General subdivision History.
651 #0 - SUBJECT ADDED ENTRY--GEOGRAPHIC NAME
Geographic name India
General subdivision Social life and customs.
906 ## - LOCAL DATA ELEMENT F, LDF (RLIN)
a 7
b cbc
c oclcrpl
d u
e ncip
f 19
g y-gencatlg
942 ## - ADDED ENTRY ELEMENTS (KOHA)
Source of classification or shelving scheme Dewey Decimal Classification
Koha item type Books
Holdings
Withdrawn status Lost status Source of classification or shelving scheme Damaged status Not for loan Collection code Home library Current library Shelving location Date acquired Source of acquisition Serial Enumeration / chronology Total Checkouts Full call number Barcode Date last seen Copy number Price effective from Koha item type Public note
    Dewey Decimal Classification   Not For Loan Non-fiction Asiatic Society Library Asiatic Society Library General Stacks 02/24/2021 ASB Library Collections V-1   954 MEO 106541 02/24/2021 C-1 02/24/2021 Books RARE
    Dewey Decimal Classification   Not For Loan Non-fiction Asiatic Society Library Asiatic Society Library General Stacks 10/19/2021 Mahbub Siddiq, Rajshahi V-1   954 MEO 112854 10/19/2021 C-2 10/19/2021 Books RARE

Powered by Koha